000 01119nam a2200337 i 4500
001 bg
003 BPK
005 20191231094749.0
008 050315s2004 pl a f |000 0 pol
015 _aPB 2005/5213
020 _a8372514461
040 _aWA N
_cBPK
041 0 _apol
080 _a346.52(438)
080 _a657.371
080 _a(07)
100 1 _aWiniarska, Kazimiera
_d(1948- )
_eAutor
245 1 0 _aOrganizacja inwentaryzacji w firmach prowadzących księgi podatkowe i księgi rachunkowe /
_cKazimiera Winiarska.
250 _aWedług stanu prawnego na 1 maja 2004 r.
260 _aWarszawa :
_b"Difin",
_c2004.
300 _a168 s. :
_bfaks. ;
_c23 cm.
490 1 _aVademecum Rachunkowości,
_x1234-1681.
504 _aBibliogr. s. 142.
650 4 _aInwentaryzacja
_xmetody.
650 4 _aInwentaryzacja
_xprawo
_zPolska.
655 4 _aPodręcznik
710 2 _aDifin
_4pbl.
830 0 _aVademecum Rachunkowości
856 _uhttp://koha.tu.koszalin.pl/cgi-bin/koha/opac-detail.pl?biblionumber=45381
_yKatalog online BPK
942 _2UKD
_cKS
999 _c45381
_d45381